{"text_format":"3","workbook":"xlsx","n_sheets":1,"sheets":["（采购明细）"],"not_rendered":{"defined_names":1},"read":"whole","date_system":"1900"}

{"sheet":"（采购明细）","index":0,"n_rows":27,"n_cols":8,"rows_kept":27,"merged":[[0,0,0,7],[24,0,24,5],[24,6,24,7],[26,0,26,11]]}
["淮安生物工程高等职业学校2024-2025学年第二学期第二批次计算机工程系耗材采购清单"]
["序号","耗材品名","型号规格","单位","数量","参考单价","单项控制价","详细用途"]
[1,"温湿度传感器rs485","PE探头内置显示（默认485）","个",2,120,{"$f":"E3*F3","v":240},"实验实训"]
[2,"有人lora无线网关LG210","有人lora无线网关集中器RS232/485远程采集数据通信传输模块LG210 以太网版","个",1,360,{"$f":"E4*F4","v":360},"实验实训"]
[3,"插排","公牛（BULL）超功率保护 新国标插座/插线板/插排/排插/接线板/拖线板 GN-B2080 8位总控全长3米","个",25,55,{"$f":"E5*F5","v":1375},"实验实训"]
[4,"移动固态盘","sandiskE30/480G","个",3,390,1170,"实验实训"]
[5,"电源","联想全汉FSP280-40PA","个",8,50,400,"实验实训"]
[6,"无线路由器","TP-LINK双千兆路由1900M 5G双频 AC1900","台",3,150,450,"实验实训"]
[7,"BETA 小白手柄遥控器","BETAFPV LiteRadio 3航模遥控器+接收机","个",1,250,250,"实验实训"]
[8,"正点原子MiniFly四轴飞行器","正点原子MiniFly四轴飞行器 开源 无人机飞控STM32 DIY实战套件","套",1,400,400,"实验实训"]
[9,"WHEELTEC开源四轴飞行器","开源四轴飞行器 激光定高 光流定点 无人机DIY飞控 stm32多旋翼","套",1,900,900,"实验实训"]
[10,"3S航模电池","2200mAh 30C 格氏ACE锂电池 3S【XT60】标称11.1V 满电12.6V","个",1,120,120,"实验实训"]
[11,"T5046C螺旋桨","正反螺旋桨","对",6,6,36,"实验实训"]
[12,"2205无刷电机","2205无刷电机","个",2,30,60,"实验实训"]
[13,"1s 3.7V 600mah锂电池","1s 3.7V 600mah锂电池 PH2.0插头","个",3,12,36,"实验实训"]
[14,"降噪耳机","漫步者HECATE G2","个",10,165,1650,"实验实训"]
[15,"音箱","漫步者PW312音箱+输入话筒","套",1,1500,1500,"实验实训"]
[16,"音箱","雅马哈GA15II+mg100效果器+包","套",1,865,865,"实验实训"]
[17,"三脚架","艾美仑502支架大托盘","个",1,65,65,"实验实训"]
[18,"电源线","安普百盛纯铜0.5mm红黑线100m","捆",40,36,1440,"实验实训"]
[19,"电源线","0.3mm黄线100m","捆",30,35,1050,"实验实训"]
[20,"电源线","0.3mm蓝线100m","捆",30,35,1050,"实验实训"]
[21,"水晶头","飞利浦超五类rj45/100个","盒",30,55,1650,"实验实训"]
[22,"网线","飞利浦超5类网线305m/箱","箱",6,520,3120,"实验实训"]
["总控制价（元）：",{"$nulls":5},{"$f":"SUM(G3:G24)","v":18187}]
[]
["注：1.此表单价为参考价格，报价不得超过控制价；2.可将此表修改为报价单，但其中序号、耗材品名、型号规格、单位、数量不得修改。"]